00542nam a2200169 a 450000100100000000500170001000800410002703500090006804000250007724500580010225000170016026000430017730000210022004900090024195201050025099900170035500002714420200930030630.0110329s1993 dr 000 0 spa d a1993 aDO-SdBNPbspacBNPHU00aMemorias de los concursos literarios de la AMD, 1993. aed. especial aSanto Domingo :bEdiciones AMD,c1993. a355 p. ;c21 cm. aBNPD 0010718PDaPDbPDcCTd2011-03-29iLF1l0o p27144-10r2020-06-25w2020-06-25yLFPDZNo se presta c26636d26636